Statistiques concernant 50 réalisateurs ( L-Z ) du 20e siècle

Cliquez ici pour prendre le quiz!

Statistiques générales

  • Ce quiz a été pris 134 fois
  • Le résultat moyen est 22 sur 50

Statistiques - réponses

RéalisateursFilms% Correct
Steven SpielbergE.T.l'extraterrestre / La liste de Schindler
96%
Orson WellesCitizen Kane / La dame de Shanghaï
83%
Roman PolanskiLe bal des vampires / Rosemary's baby
83%
Sergieo LeoneLe bon, la brute et le truand / Il était une fois dans l'ouest
83%
François TruffautLes 400 coups / Jules et Jim
81%
George LucasAmerican graffiti / La guerre des étoiles
81%
Jacques TatiLes vacances de Monsieur Hulot / Mon oncle
81%
Luchino ViscontiLe guépard / Mort à Venise
73%
Marcel PagnolCésar / La femme du boulanger
72%
Claude LelouchUn homme et une femme / Itinéraire d'un enfant gâté
70%
Wim WendersParis Texas / Les ailes du désir
63%
Alain ResnaisHiroshima mon amour / Smoking/No smoking
61%
Fritz LangMetropolis / M le maudit
61%
Claude ZidiL'aile ou la cuisse / Les ripoux
60%
Maurice PialatSous le soleil de Satan / Van Gogh
60%
Louis MalleAscenseur pour l'échafaud / Au-revoir les enfants
55%
Billy WilderBoulevard du crépuscule / Certains l'aiment chaud
53%
Claude SautetLes choses de la vie / Nelly et Monsieur Arnaud
53%
David LeanLawrence d'Arabie / Docteur Jivago
53%
Peter WeirWitness / Le cercle des poètes disparus
51%
Bertrand TavernierLe juge et l'assassin / Un dimanche à la campagne
49%
Friedrich MurnauNosferatu le vampire / L'intruse
42%
Jean RenoirBoudu sauvé des eaux / La bête humaine
42%
Jean-Paul RappeneauCyrano de Bergerac / Le hussard sur le toit
41%
Sydney PollackTootsie / Out of Africa
40%
Andreï TarkovskiAndreï Roublev / Le miroir
39%
Joseph LoseyThe servant / Monsieur Klein
39%
Pier Paolo PasoliniThéorème / L'évangile selon Saint-Matthieu
38%
Ernst LubitschTo be or not to be / Le ciel peut attendre
35%
Robert WiseWest Side story / La mélodie du bonheur
33%
Yves RobertLa guerre des boutons / La gloire de mon père
31%
Max OphulsMadame de .... / Lola Montès
30%
Otto PremingerLaura / Autopsie d'un meurtre
28%
Edouard MolinaroOscar / La cage aux folles
27%
Henri VerneuilLa vache et le prisonnier / Peur sur la ville
27%
Nicholas RayJohnny Guitare / La fureur de vivre
27%
Satyajit RayLe salon de musique / Les joueurs d'échec
27%
Ettore ScolaAffreux, sâles et méchants / Le bal
24%
Carlos SauraAnna et les loups / Cría cuervos
23%
Carol ReedLe troisième homme / Première désillusion
23%
Andrzej WajdaL'homme de marbre / Danton
21%
Vincente MinelliUn américain à Paris / Gigi
21%
Fred ZinnemannLe train sifflera trois fois / Tant qu'il y aura des hommes
19%
Ernst MarischkaSissi / Les jeunes années d'une reine
17%
Volker SchlöndorffLe tambour / L'honneur perdu de Katerina Blum
16%
Yi-Mou ZhangLe sorgho rouge / Epouses et concubines
15%
Nikita MikhalkovUrga / Soleil trompeur
9%
Marcel L'HerbierLes hommes nouveaux / Les derniers jours de Pompéi
7%
Pavel LounguineTaxi blues / Luna Park
7%
Hamina LakhdarLe vent des Aurès / Chronique des années de braise
6%

Distribution des résultats

Percentile par nombre de réponses

% des personnes avec chaque résultat

Votre développement - résultats

Vous n’avez pas pris ce quiz